| 000 | 00839nam a22002177a 4500 | ||
|---|---|---|---|
| 003 | 0 | ||
| 005 | 20250120144623.0 | ||
| 008 | 160109b xxu||||| |||| 00| 0 eng d | ||
| 050 |
_aPHS TS 1548 _b.Eu87 2015 |
||
| 100 | _aEugenio, John Aaron Lewis G. | ||
| 245 |
_aThe comparative study on tensile strength of M. oleifera pods and Abaca fibers as rope material _cJohn Aaron Lewis G. Eugenio |
||
| 260 |
_aLas PiƱas, Philippines : _bSouthville International School and Colleges, _c2015. |
||
| 300 |
_aiii, 32 p. : _bill. ; _c28 cm. |
||
| 504 | _aIncludes bibliographical references. | ||
| 650 |
_aRope _vTesting. |
||
| 650 |
_aFibers _vTensile strength. |
||
| 650 |
_aMoringa oleifera _vIndustrial applications. |
||
| 650 |
_aAbaca fiber _vIndustrial applications. |
||
| 650 |
_aNatural fibers _vComparative studies. |
||
| 942 |
_2lcc _cPASS |
||
| 999 |
_c289053 _d289053 |
||